History Quiz

Random History or Country Quiz

Countries of the Italian Maritime Republics Quiz Stats

 Plays Quiz Updated Feb 7, 2020

Support Sporcle.
Go Orange.
Score 0/62 Timer 04:00
6 Plays Today
Italian Maritime Republic Modern Country % Correct
GenoaFrance
95%
PisaFrance
95%
AmalfiItaly
93.9%
AnconaItaly
93.9%
GaetaItaly
93.9%
GenoaItaly
93.9%
MolfettaItaly
93.9%
NoliItaly
93.9%
PisaItaly
93.9%
SorrentoItaly
93.9%
TraniItaly
93.9%
VeniceItaly
93.9%
GenoaSpain
93.6%
PisaSpain
93.6%
GenoaGreece
93.5%
VeniceGreece
93.5%
AmalfiTurkey
89.8%
GenoaTurkey
89.8%
PisaTurkey
89.8%
VeniceTurkey
89.8%
AmalfiEgypt
88.5%
GenoaEgypt
88.5%
PisaEgypt
88.5%
VeniceEgypt
88.5%
VeniceCroatia
85.6%
GenoaMorocco
84.9%
GenoaLibya
84.4%
GenoaPortugal
84.1%
GenoaAlgeria
83.2%
PisaAlgeria
83.1%
AmalfiTunisia
83%
Italian Maritime Republic Modern Country % Correct
GenoaTunisia
83%
PisaTunisia
83%
VeniceTunisia
83%
AmalfiIsrael
80.4%
GenoaIsrael
80.4%
PisaIsrael
80.4%
VeniceIsrael
80.4%
AmalfiCyprus
78.7%
GenoaCyprus
78.7%
VeniceCyprus
78.7%
VeniceSlovenia
78.6%
VeniceAlbania
78.5%
AmalfiSyria
73.7%
GenoaSyria
73.7%
PisaSyria
73.7%
VeniceSyria
73.7%
AmalfiLebanon
73.6%
GenoaLebanon
73.6%
PisaLebanon
73.6%
VeniceLebanon
73.6%
GenoaRussia
68.7%
PisaRussia
68.7%
VeniceRussia
68.7%
VeniceAustria
68.5%
VeniceMontenegro
68.1%
GenoaMonaco
66.6%
GenoaRomania
62.4%
GenoaUkraine
60.4%
VeniceUkraine
60.3%
GenoaGeorgia
43.6%
GenoaBelgium
42.7%

You're not logged in!

Compare scores with friends on all Sporcle quizzes.
OR
Log In
Forgot?

From the Vault

Any MVP by NFL Team

by windmill71

Sports 6m
And here we thought MVP stood for Most Valuable Punter.
Remove Ads.
Support Sporcle.
Get the best of Sporcle when you Go Orange. This ad-free experience offers more features, more stats, and more fun while also helping to support Sporcle. Thank you for becoming a member.

Show Comments

Extras

Top Quizzes Today


Score Distribution

Your Account Isn't Verified!

In order to create a playlist on Sporcle, you need to verify the email address you used during registration. Go to your Sporcle Settings to finish the process.

Report this User

Report this user for behavior that violates our Community Guidelines.

Details: